000 nam a22 7a 4500
999 _c330583
_d330583
003 NUST
005 20170721130908.0
008 170721b xxu||||| |||| 00| 0 eng d
040 _cNUST
041 _hurdu
082 _a891.4391
_bWAH
245 _aWahdat afkar:
_balaqai zabano kay qadeem o jadeed shairi adab ka intekhab.
260 _aIslamabad:
_bFerouz Sons,
300 _av.1
500 _aV.1 Poetry
546 _aIn urdu
650 _aUrdu Literature
_vPoetry
_93519
880 _6245-01\(3\r
_aوحدت افکار:
_bعلاقائی زبانوں کے قدیم و جدید شعری ادب کا انتخاب
880 _6260-02\(3\r
_aاسلام آباد:
_bفیروز سنز،
942 _2ddc
_cBK